| 000 | 00690nam a2200253Ia 4500 | ||
|---|---|---|---|
| 003 | OSt | ||
| 005 | 20221007081141.0 | ||
| 006 | a|||||r|||| 00| 0 | ||
| 007 | ta | ||
| 008 | 221006b |||||||| |||| 00| 0 eng d | ||
| 024 | _a8,708 | ||
| 037 | _cTextual | ||
| 040 |
_aFLL _cFLL _beng |
||
| 041 |
_2eng _aeng |
||
| 082 | _aZ582N, K9 | ||
| 100 |
_aHazard J.N. _9113230 |
||
| 245 | 0 | _aSoviet legal system | |
| 260 |
_aNew York _bOceana Publications, Inc. India _c1969 |
||
| 300 |
_axix,667p _ccm. |
||
| 700 |
_a Maggs P.B. _9696540 |
||
| 700 |
_a Shapiro I. _9119046 |
||
| 942 |
_hZ582N, K9 _cTEXL _2CC |
||
| 999 |
_c1162195 _d1162195 |
||